000 00380nam a2200169Ia 4500
008 220531s9999 xx 000 0 und d
041 _aeng
082 _bKUM
100 _aKumar, S.
_948155
245 _aNovels Of Arun Joshi
250 _a1ST
260 _bAtlantic
_c2002
542 _d31-03-2006
650 _aEnglish
_948156
906 _d2005-2006
999 _c28204
_d28204